书目信息 |
| 题名: |
城市道路与交通规划
|
|
| 作者: | 徐循初 主编 | |
| 分册: | 下册 | |
| 出版信息: | 北京 中国建筑工业出版社 2007 |
|
| 页数: | 407页 | |
| 开本: | 26cm | |
| 丛书名: | ||
| 单 册: | ||
| 中图分类: | TU984.191 , U491.1 | |
| 科图分类: | ||
| 主题词: | 城市道路--城市规划--高等教育--教材 , 城市道路--交通运输规划--高等教育--教材 , 城市道路 , 城市规划 , 交通运输规划 | |
| 电子资源: | ||
| ISBN: | 978-7-112-07595-9 | |
| 000 | 01211nam0 2200301 450 | |
| 001 | 003419547 | |
| 005 | 20091208153309.07 | |
| 010 | @a978-7-112-07595-9@dCNY39.00 | |
| 100 | @a20070402d2007 em y0chiy0110 ea | |
| 101 | 0 | @achi |
| 102 | @aCN@b110000 | |
| 105 | @aab z 000yy | |
| 106 | @ar | |
| 200 | 1 | @a城市道路与交通规划@9cheng shi dao lu yu jiao tong gui hua@h下册@f徐循初主编 |
| 210 | @a北京@c中国建筑工业出版社@d2007 | |
| 215 | @a407页@c图,地图@d26cm | |
| 300 | @a普通高等教育土建学科专业“十五”规划教材 高校城市规划专业指导委员会规划推荐教材 | |
| 330 | @a本书共分两部分,14章,第一部分为城市对外交通规划,包括铁路、港口、公路和航空港规划;第二部分为城市交通规划,包括城市交通特征、城市交通调查诊断预测与评价、城市公共交通、城市轨道交通、城市个体交通、城市步行交通、城市货运交通、城市道路网规划、城市道路交通设施、城市交通发展政策等。 | |
| 606 | 0 | @a城市道路@x城市规划@x高等教育@j教材 |
| 606 | 0 | @a城市道路@x交通运输规划@x高等教育@j教材 |
| 606 | 0 | @a城市道路 |
| 606 | 0 | @a城市规划 |
| 606 | 0 | @a交通运输规划 |
| 690 | @aTU984.191@v4 | |
| 690 | @aU491.1@v4 | |
| 701 | 0 | @a徐循初@9xu xun chu@f(1932~)@4主编 |
| 801 | 0 | @aCN@bNLC@c20091208 |
| 905 | @b20796304-08@dTU984.191@e470:2@f5 | |
| 城市道路与交通规划.下册/徐循初主编.-北京:中国建筑工业出版社,2007 |
| 407页:图,地图;26cm |
| 普通高等教育土建学科专业“十五”规划教材 高校城市规划专业指导委员会规划推荐教材 |
| ISBN 978-7-112-07595-9:CNY39.00 |
| 本书共分两部分,14章,第一部分为城市对外交通规划,包括铁路、港口、公路和航空港规划;第二部分为城市交通规划,包括城市交通特征、城市交通调查诊断预测与评价、城市公共交通、城市轨道交通、城市个体交通、城市步行交通、城市货运交通、城市道路网规划、城市道路交通设施、城市交通发展政策等。 |
| ● |
| 相关链接 |
|
|
|
|
正题名:城市道路与交通规划
索取号:TU984.191/470:2
 
预约/预借
| 序号 | 登录号 | 条形码 | 馆藏地/架位号 | 状态 | 备注 |
| 1 | 796304 | 207963042 | 第二样本阅览室/ [索取号:TU984.191/470:2] | 在馆 | |
| 2 | 796305 | 207963051 | 第三借阅区/ [索取号:TU984.191/470:2] | 在馆 | |
| 3 | 796306 | 207963060 | 第三借阅区/ [索取号:TU984.191/470:2] | 在馆 | |
| 4 | 796307 | 207963079 | 第三借阅区/ [索取号:TU984.191/470:2] | 在馆 | |
| 5 | 796308 | 207963088 | 密集书库-资源管理系/ [索取号:TU984.191/470:2] | 在馆 |